|
|
|
|
| LEADER |
00000nkm a2200000 a 4500 |
| 001 |
vtls011977820 |
| 003 |
SK-MaSNL |
| 005 |
20260301145606.0 |
| 007 |
kf bo |
| 008 |
231120q1932 xr g kuslo |
| 015 |
|
|
|a SNBG1932
|
| 035 |
|
|
|a urn:nbn:sk:snk-km00ehzz
|
| 035 |
|
|
|a urn:nbn:sk:snk-km45xh4
|
| 035 |
|
|
|a 45838DD8-E0BF-47F9-8CF5-047446CFDCF2
|
| 040 |
|
|
|a SNK
|b slo
|c SNK
|e AACR2
|
| 041 |
0 |
|
|a slo
|
| 043 |
|
|
|a e-xo---
|
| 044 |
|
|
|a xr
|c CZ
|
| 072 |
|
7 |
|a 913
|x Regionálna geografia
|2 konspekt
|
| 080 |
|
|
|a 913(437.6)
|2 2011
|
| 080 |
|
|
|a 711.73
|2 2011
|
| 080 |
|
|
|a (084.121)
|2 2011
|
| 080 |
|
|
|a 721
|2 2011
|
| 080 |
|
|
|a 640.442
|2 2011
|
| 080 |
|
|
|a 640.412
|2 2011
|
| 245 |
0 |
0 |
|a Žilina
|h grafika
|
| 260 |
|
|
|a [Sadská]
|b Bromografia
|c [1932?]
|
| 300 |
|
|
|a 1 pohľadnica
|b čiernobiela
|c 9 x 14 cm
|
| 500 |
|
|
|a Názvové údaje prevzaté z obrazovej časti pohľadnice
|
| 500 |
|
|
|a Číslo záberu 19081
|
| 520 |
8 |
|
|a Zobrazenie: Pohľad v bielom orámovaní na ulicu s radmi budov z oboch strán. V popredí je uprostred ulice muž v kabáte a klobúku. za ním na chodníku a ulici vidno skupinky ľudí. Vľavo na chodníku vidno množstvo ľudí. Vľavo na nárožnej budove vidno nápis: "Kaviareň Astoria Hotel"
|
| 650 |
0 |
7 |
|a ulice
|2 SNKPH
|9 2938
|
| 650 |
0 |
7 |
|a budovy
|2 SNKPH
|9 1283
|
| 650 |
0 |
7 |
|a kaviarne
|2 SNKPH
|9 29586
|
| 650 |
0 |
7 |
|a hotely
|2 SNKPH
|9 18422
|
| 651 |
|
7 |
|a Žilina (Slovensko)
|2 SNKPHgeo
|9 28812
|
| 655 |
|
7 |
|a miestne pohľadnice
|2 SNKPH
|9 70510
|
| 852 |
|
|
|a Slovenská národná knižnica
|
| 954 |
|
|
|a pohľadnice pôvodné (slovenské)
|2 lita
|
| 954 |
|
|
|a pohľadnice cudzojazyčné (svetové)
|2 lita
|
| 958 |
|
|
|a GC
|
| 958 |
|
|
|a GBN
|
| 958 |
|
|
|a OND
|
| 958 |
|
|
|a EUIPO
|
| 999 |
|
|
|c 780713
|d 782643
|
| 952 |
|
|
|a SNK
|b SNK
|y PREZ
|7 0
|p 17A1286683
|o snkSP 60125
|z Pohľadnica prešla poštou.
|0 0
|1 0
|4 0
|d 2020-06-30
|f 1
|l 0
|r 2026-02-24 01:03:34
|w 2026-02-24
|